Autobuses Urbanos de Sevilla - Estadísticas

Estadísticas generales
  • Esta prueba ha sido intentada 143 veces
  • La puntuación promedio es 44 de 55
Estadísticas de respuestas
Destinos Línea % Correcto
Polígono Norte - Hospital Virgen del Rocío 1
100%
Puerta Triana - Heliópolis 2
100%
Bellavista - San Jerónimo - Pino Montano 3
100%
Puerta Triana - Santa Aurelia 5
99%
Gta. San Lázaro - Hospital Virgen del Rocio 6
98%
Plaza del Duque - Polígono Norte - Las Golondrinas 14
96%
Ponce de León - San Jerónimo 10
95%
Plaza del Duque - Pino Montano 13
95%
Prado San Sebastián - Sevilla Este 22
95%
Ponce de León - Sevilla Este 27
95%
Ponce de León - Los Príncipes 11
94%
Ponce de León - Pino Montano 12
94%
Ponce de León - San Diego 15
94%
Plaza de Armas - Polígono San Pablo 21
94%
Prado San Sebastián - Cerro del Águila 26
94%
Prado de San Sebastián - Los Bermejales 34
94%
Plaza Jerónimo de Córdoba - Valdezorras 16
93%
Ponce de León - Juan XXIII - Palmete 24
93%
Prado de San Sebastián - Alcosa 28
93%
Prado de San Sebastián - Torreblanca 29
93%
Puerta de Jerez - Pedro Salvador - Bellavista 37
93%
Reyes Católicos - Tablada 41
93%
Circular Exterior 1 C1
93%
Circular Exterior 2 C2
93%
Circular Interior 1 C3
93%
Circular Interior 2 C4
93%
Ponce de León - Polígono San Pablo 20
92%
Prado de San Sebastián - La Paz 30
92%
Prado de San Sebastián - Polígono Sur 31
92%
Ponce de León - Polígono Sur 32
92%
Los Arcos - Hacienda San Antonio 39
92%
Reyes Católicos - Triana 40
92%
Prado San Sebastián - Rochelambert 25
91%
San Pablo - El Carmen 43
91%
Circular Centro C5
91%
San Bernardo - Palmete 52
81%
Aeropuerto EA
71%
Prado de San Sebastián - Pino Montano (Linea Norte Express) LN
69%
Prado de San Sebastián - Sevilla Este (Línea Este Express) LE
67%
Santa Justa - Bellavista (Línea Sur Express) LS
65%
Prado de San Sebastián - Pino Montano A1
62%
Prado de San Sebastián - Torneo - San Jerónimo A2
62%
Prado de San Sebastián - Sevilla Este A3
62%
Prado de San Sebastián - Santa Aurelia A4
62%
Prado de San Sebastián - Polígono Sur A5
62%
Prado de San Sebastián - Bellavista A6
62%
Circular Nocturno A7
62%
Prado de San Sebastián - Alcosa A8
61%
San Bernardo - Ciudad de la Justicia CJ
58%
Los Arcos - Centro Penitenciario 53
54%
Tranvibús (Torreblanca - Sevilla Este - Nervión) TB1
48%
Metrocentro (Plaza Nueva - Luis de Morales) T1
43%
San Bernardo - Torreblanca - Sevilla Este B4
39%
Gran Plaza - Santa Clara B3
38%
Circular Macarena Norte Sentido A C6A
24%
No se encontraron pruebas coincidentes
Distribución de puntuación
Porcentaje de gente con cada puntuación
Porcentaje por número respondido
Historial de tus puntuaciones
No has intentado esta prueba.